01013cam a22002655a 450000100100000000500170001000800410002702000180006804000310008608200210011724501480013825000120028626000410029830000440033950000250038350000260040850400410043465000310047565100100050665300210051670000210053794200080055899900170056695201640058300772640920160309154534.0020624s2002 enka frb 001 0 eng d a9781853175923 aStDuBDSdUkdEG-ScBUEbeng04a617.645222bRES00aRestorative techniques in paediatric dentistry :ban illustrated guide to the restoration of carious primary teeth /cM. S. Duggal ... [et al.] a2nd ed. aLondon :bInforma Healthcare,c2002. ax, 141 p. :bill. (some col.) ;c26 cm. aPrevious ed. : 1995. aIndex : p. [137]-141. aIncludes bibliographical references. 7aPedodontics.2BUEsh939506 2BUEsh bDDentcMarch20161 aDuggal, Monty S. 2ddc c21360d21332 00102ddc40708Al-Dar AlAaMAINbMAINc1STd2016-03-09ePurchaseg820.00l2o617.645 RESp000031950q2026-03-31r2026-03-24 00:00:00s2026-03-24v1025.00yBB